[Event "Izmailov Memorial op 12th"]
[Site "Tomsk"]
[Date "2008.07.01"]
[Round "7"]
[White "Kotsur, Pavel"]
[Black "Ten, Viktor"]
[Result "1-0"]
[WhiteElo "2568"]
[BlackElo "2204"]
[PlyCount "108"]
[EventDate "2008.06.25"]
[EventType "swiss"]
[EventRounds "9"]
[EventCountry "RUS"]
[SourceTitle "CBM 125 Extra"]
[Source "ChessBase"]
[SourceDate "2008.09.01"]
[SourceVersion "1"]
[SourceVersionDate "2008.09.01"]
[SourceQuality "1"]

1. d4 e6 2. Nf3 f5 3. Bf4 Nf6 4. e3 b6 5. h3 Bb7 6. a3 Bd6 7. Bxd6 cxd6 8. c4 0-0 9. Nc3 Ne4 10. Rc1 f4 11. Nxe4 Bxe4 12. Bd3 Bxf3 13. Qxf3 Nc6 14. Qe4 g6 15. exf4 Qf6 16. d5 Nd4 17. dxe6 dxe6 18. 0-0 Qxf4 19. Rcd1 Rad8 20. Qxf4 Rxf4 21. g3 Rf6 22. f4 e5 23. Be4 Kg7 24. Rfe1 Rff8 25. Bd5 Rde8 26. Rd3 h6 27. Re4 g5 28. Kg2 Nf5 29. fxe5 dxe5 30. Bc6 Rd8 31. Bd5 Rde8 32. Re1 Nd4 33. Re4 Kf6 34. h4 gxh4 35. Rxh4 Kg5 36. Re4 Nf5 37. Re1 h5 38. Kh3 Nh6 39. Bf3 Rf5 40. Kg2 Ng4 41. Re2 Ref8 42. b4 Rc8 43. Rc3 Rc7 44. Be4 Rf8 45. Bf3 Rfc8 46. Bxg4 Kxg4 47. Re4+ Kf5 48. Rh4 Kg5 49. Kf3 Rd8 50. Ke4 Rd1 51. c5 bxc5 52. bxc5 Rf7 53. Rh2 Rff1 54. Re2 Rc1 1-0